| 000 | 00425nam a22001697a 4500 | ||
|---|---|---|---|
| 999 |
_c2412 _d2411 |
||
| 005 | 20210929112017.0 | ||
| 008 | 160611b xxu||||| |||| 00| 0 eng d | ||
| 020 | _a8176600555 | ||
| 041 | _aeng | ||
| 082 |
_b6929 _a338.88 |
||
| 100 |
_aKulkarni, M.V. _91477 |
||
| 245 | _aInternational Business Management | ||
| 260 |
_aPune _bEverest Publication House, _c2000 |
||
| 300 | _a299 | ||
| 650 |
_aManagement _9241 |
||
| 942 | _cBK | ||